Statistics for Steelers 2014 starters

Click here to take the quiz!

General Stats

  • This quiz has been taken 159 times
    (152 since last reset)
  • The average score is 12 of 23

Answer Stats

#PositionPlayer% Correct
84WRAntonio Brown
97%
26HBLe'Veon Bell
96%
7QBBen Roethlisberger
91%
83TEHeath Miller
73%
53CMaurkice Pouncey
73%
50MLBRyan Shazier
71%
97DECameron Heyward
68%
43SSTroy Polamalu
66%
66OGDavid DeCastro
62%
24CBIke Taylor
55%
94MLBLawrence Timmons
54%
11WRMarkus Wheaton
48%
99DEBrett Kiesel
41%
73OTRamon Foster
41%
23FSMike Mitchell
37%
77OTMarcus Gilbert
35%
46FBWill Johnson
34%
95OLBJarvis Jones
32%
28CBCortez Allen
23%
93OLBJason Worilds
22%
68OGKelvin Beachum
20%
16WRLance Moore
19%
90DTSteve McLendon
13%

Score Distribution

Percentile by Number Answered

Percent of People with Each Score

Your Score History

You have not taken this quiz since the last reset